000 01273cam a2200217 4500
001 E11577
008 040830n2004 000 0 eng u
035 _a(Sirsi) u127200
041 _aeng
110 2 _aTenant Farming Forum
_94640
245 0 0 _aTenant Farming Forum Guide to the Agricultural Holdings (Scotland) Act 2003
_h[electronic resource]
260 _aEdinburgh
_bTenant Farming Forum
_c2004
300 _a24p. ; 21cm.
520 _aAims to assist landlords and tenants to understand the full implications of the 2003 Act and guide them through all its provisions and the alterations to the 1991 Act that will apply. It draws attention to those matters about which a landlord and tenant should be aware when entering into any type of agreement between them. Please note it is not a substitute for legal advice
650 _aAGRICULTURAL HOLDINGS (SCOTLAND) ACT 2003
650 _aAGRICULTURAL HOLDINGS (SCOTLAND) ACT 1991
651 4 _aScotland
_y1999-
690 _aENVIRONMENTAL AND LAND CONSULTANCY-AGRIBUSINESS-AGRICULTURE
856 4 1 _uhttps://www.tenantfarmingforum.org.uk/resources/000/240/962/TenantFarmingForumGuidetotheAgriculturalHoldings_Scotland_Act2003.pdf
_zView the guide free of charge at www.tenantfarmingforum.org.uk...
942 _n0
999 _c103717
_d103717